Normal view
MARC view
- Teach English-Art
Entry Topical Term
001 - CONTROL NUMBER
- control field: 6389
003 - CONTROL NUMBER IDENTIFIER
- control field: JO-AjAnu
005 - DATE AND TIME OF LATEST TRANSACTION
- control field: 20230606071333.0
008 - FIXED-LENGTH DATA ELEMENTS
- fixed length control field: 230606|| aca||aabn | a|a d
040 ## - CATALOGING SOURCE
- Original cataloging agency: JO-AjAnu
- Transcribing agency: JO-AjAnu
150 ## - HEADING--TOPICAL TERM
- Topical term or geographic name entry element: Teach English-Art
670 ## - SOURCE DATA FOUND
- Source citation: Work cat.: (JO-AjAnu)3308: Smagorinsky, Peter , author 6388, Learning to Teach English and the Language Arts: A Vygotskian Perspective on Beginning Teachers, Pedagogical Concept Development